Every City and CDP in Okanogan County - Statistics

General Stats
  • This quiz has been taken 11 times
  • The average score is 10 of 19
Answer Stats
Population Type Answer % Correct
2,401 City Okanogan
100%
5,152 City Omak
100%
2,043 City Brewster
83%
616 City Pateros
83%
1,075 City Tonasket
83%
1,808 City Oroville
67%
572 Town Winthrop
67%
326 Town Nespelem
50%
323 Town Riverside
50%
1,098 Town Twisp
50%
201 Town Conconully
33%
35 CDP Loomis
33%
654 CDP Malott
33%
137 CDP Methow
33%
355 CDP Nespelem Community
33%
1,244 Town Coulee Dam
17%
248 Town Elmer City
17%
313 CDP North Omak
17%
16 CDP Disautel
0%
No matching quizzes found
Score Distribution
Percent of People with Each Score
Percentile by Number Answered
Your Score History
You have not taken this quiz